
Library Catalogue

| 000 -LEADER | |
|---|---|
| fixed length control field | 01083nam a2200229Ia 4500 |
| 003 - CONTROL NUMBER IDENTIFIER | |
| control field | OSt |
| 005 - DATE AND TIME OF LATEST TRANSACTION | |
| control field | 20251215064758.0 |
| 008 - FIXED-LENGTH DATA ELEMENTS--GENERAL INFORMATION | |
| fixed length control field | 160316s2002 xxu||||| |||| 00| 0 eng d |
| 020 ## - INTERNATIONAL STANDARD BOOK NUMBER | |
| International Standard Book Number | 9780199253760 |
| 040 ## - CATALOGING SOURCE | |
| Transcribing agency | nls |
| 082 ## - DEWEY DECIMAL CLASSIFICATION NUMBER | |
| Classification number | 341.23 SIM-I |
| 100 ## - MAIN ENTRY--PERSONAL NAME | |
| Personal name | Simma Bruno |
| 245 ## - TITLE STATEMENT | |
| Title | The Charter of the United Nations : A Commentary Vol. I |
| 260 ## - PUBLICATION, DISTRIBUTION, ETC. | |
| Place of publication, distribution, etc. | oxford : |
| Name of publisher, distributor, etc. | Oxford University Press ; |
| Date of publication, distribution, etc. | 2002 |
| 300 ## - PHYSICAL DESCRIPTION | |
| Extent | 895p |
| Dimensions | lv |
| 365 ## - TRADE PRICE | |
| Price amount | Rs. 34,776 Vol |
| 505 ## - FORMATTED CONTENTS NOTE | |
| Formatted contents note | VOLUME I; <br/>Preface; <br/>Introduction; <br/>Abbreviations; <br/>Text of the Charter; <br/>Text of the ICJ Statute; <br/>The History of the United Nations; <br/>The Interpretation of the Charter; <br/>Preamble; <br/>I. Purposes and Definitions; <br/>II. Membership; <br/>III. Organs; <br/>IV. The General Assembly; <br/>V. The Security Council; <br/>VI. Pacific Settlement of Disputes; <br/>VII. Action with Respect to Threats to the Peace, Breaches of the Peace, and Acts of Aggression; <br/>VIII. Regional Arrangements;<br/>INDEX. <br/> |
| 650 ## - SUBJECT ADDED ENTRY--TOPICAL TERM | |
| Topical term or geographic name entry element | International Institutions |
| 650 ## - SUBJECT ADDED ENTRY--TOPICAL TERM | |
| Topical term or geographic name entry element | United Nations - Commentary |
| 700 ## - ADDED ENTRY--PERSONAL NAME | |
| Personal name | |
| -- | |
| 942 ## - ADDED ENTRY ELEMENTS (KOHA) | |
| Source of classification or shelving scheme | Dewey Decimal Classification |
| Koha item type | BOOKs |
| Withdrawn status | Lost status | Source of classification or shelving scheme | Damaged status | Not for loan | Home library | Current library | Shelving location | Date acquired | Cost, normal purchase price | Total Checkouts | Total Renewals | Full call number | Barcode | Date last seen | Date last checked out | Price effective from | Koha item type | Public note |
|---|---|---|---|---|---|---|---|---|---|---|---|---|---|---|---|---|---|---|
| Dewey Decimal Classification | . | . | Library Compactors | 30.05.2017 | 34776.00 | 3 | 6 | 341.23 SIM-I | 23714 | 07.09.2025 | 29.08.2025 | 30.05.2017 | BOOKs | Price for the entire Set |